000 00305nam a22001337a 4500
008 170922b xxu||||| |||| 00| 0 eng d
020 _a9781560327424
041 _aeng
080 _a37
100 _a46
101 _aEDU
245 _aA STUDENT DIES A SCHOOL MOURNS
_cKLICKER.R
942 _2udc
_cBK
999 _c29094
_d29094